| 000 | 01668cam a2200421 i 4500 | ||
|---|---|---|---|
| 999 |
_c356256 _d356256 |
||
| 001 | 18014924 | ||
| 003 | NUST | ||
| 005 | 20180312044128.0 | ||
| 008 | 140122s2012 pk ab 000 0 eng | ||
| 010 | _a 2013356114 | ||
| 020 | _a9789699626074 | ||
| 025 | _aP-E-2013356114; 30 | ||
| 040 |
_aDLC _beng _cDLC _erda |
||
| 041 | 0 |
_aeng _aurd |
|
| 042 |
_alcode _apcc |
||
| 043 |
_aa-pk--- _af------ _aa------ |
||
| 050 | 0 | 0 |
_aDS384 _b.S375 2012 |
| 082 |
_a303.34 _bSHA |
||
| 100 | 1 |
_aShafi, Iqbal M., _d1927- _910119 |
|
| 245 | 1 | 0 |
_aCharacter and leadership : _bcharacter building of the Pakistani youth and the golden principles of leadership/ _cBrig. Iqbal Shafi (Alig). |
| 264 | 1 |
_aIslamabad : _bSir Syed Academy, _c2015 |
|
| 300 |
_a159 pages : _bcolor illustrations, one folded color map ; _c25 cm |
||
| 336 |
_atext _2rdacontent |
||
| 337 |
_aunmediated _2rdamedia |
||
| 338 |
_avolume _2rdacarrier |
||
| 546 | _aSome in Urdu. | ||
| 650 | 0 |
_aPolitical leadership _zPakistan. _910120 |
|
| 650 | 0 |
_aEducation and state _zPakistan. _910121 |
|
| 650 | 0 |
_aPolitical leadership _zIslamic countries. _910122 |
|
| 651 | 0 |
_aPakistan _xPolitics and government. _9206 |
|
| 710 | 2 |
_aSir Syed Memorial Society (Islāmābād, Pakistan) _910123 |
|
| 880 |
_6100-01\r _aاقبال شفیع |
||
| 880 |
_6245-02\r _aکردار و قیادت: _bیعنی نئی نسل کی کردار سازی اور قیادت کے زریں اصول _cاقبال شفیع |
||
| 880 |
_6260-03\r _aاسلام آباد: _bسر سید اکادمی، _c2015 |
||
| 906 |
_a7 _bcbc _corigode _d3 _encip _f20 _gy-gencatlg |
||
| 942 |
_2ddc _cBK |
||